000 00361nam a22001337a 4500
020 _qPB.
040 _cFIZZA ISHAQ
082 _a004.22
_bPAT
100 _aPATTERSON,A DAVID.
_989697
245 _aCOMPUTER ORGANIZATION AND DESIGN THE HARDWARE SOFTWARE INTERFACE /
_cDAVID A PATTERSON.
260 _aNEW YORK ;
_c2021.
300 _a777 P. ;
942 _2ddc
_cBK
999 _c589640
_d589640